LEADER 01160nam a2200277 i 4500 001 991000675999707536 008 100412s2009 ne ab sb 001 0 eng d 020 $a9783540927037 035 $ab13893956-39ule_inst 040 $aDi.S.Te.B.A.$beng 082 0 $a577.77$222 245 00$aMarine hard bottom communities :$bpatterns, dynamics, diversity, and change /$cMartin Wahl editor 260 3 $aDordrecht ;$aNew York :$bSpringer,$c2009 300 $axxiv, 445 p. :$bill. (some col.), maps ;$c24 cm 440 0$aEcological studies,$x0070-8356 ;$v206 500 $aDescription based on print version record 504 $aIncludes bibliographical references and index 650 0$aOcean bottom ecology 650 0$aDeep sea ecology 700 1 $aWahl, Martin$eauthor$4http://id.loc.gov/vocabulary/relators/aut$0731360 907 $a.b13893956$b28-01-14$c12-04-10 912 $a991000675999707536 945 $aLE003 577 ECO01.01 206 (2009)$g1$i2003000078985$lle003$op$pE154.44$q-$rl$s- $t0$u1$v0$w1$x0$y.i15140040$z04-06-10 996 $aMarine hard bottom communities$91440806 997 $aUNISALENTO 998 $ale003$b12-04-10$cm$da $e-$feng$gne $h0$i0 LEADER 02322nas 2200697- 450 001 996398341703316 005 20231221160835.0 011 $a1750-6190 035 $a(DE-599)ZDB2276899-3 035 $a(OCoLC)191061042 035 $a(CKB)1000000000278774 035 $a(CONSER)--2016207389 035 $a(EXLCZ)991000000000278774 100 $a20080123b20072022 s-- a 101 0 $aeng 135 $aur||||||||||| 181 $ctxt$2rdacontent 182 $cc$2rdamedia 183 $acr$2rdacarrier 200 10$aInternational journal of culture, tourism and hospitality research 210 1$aBradford :$cEmerald Group Publishing,$d2007-2022. 300 $aRefereed/Peer-reviewed 311 $a1750-6182 517 1 $aCulture, tourism and hospitality research 517 1 $aIJCTHR 531 $aINTERNATIONAL JOURNAL OF CULTURE, TOURISM & HOSPITALITY RESEARCH 606 $aCulture and tourism$vPeriodicals 606 $aTourism$vPeriodicals 606 $aTourism$xSocial aspects$vPeriodicals 606 $aHospitality industry$vPeriodicals 606 $aEthnotourisme$vPériodiques 606 $aAccueil (Tourisme)$vPériodiques 606 $aPublications périodiques$2eclas 606 $aService à la clientèle$2eclas 606 $aIndustrie hôtelière$2eclas 606 $aCulture and tourism$2fast$3(OCoLC)fst00885097 606 $aHospitality industry$2fast$3(OCoLC)fst00961126 606 $aTourism$2fast$3(OCoLC)fst01153142 606 $aTourism$xSocial aspects$2fast$3(OCoLC)fst01153202 608 $aPeriodicals.$2lcgft 608 $aPeriodicals.$2fast 615 0$aCulture and tourism 615 0$aTourism 615 0$aTourism$xSocial aspects 615 0$aHospitality industry 615 6$aEthnotourisme 615 6$aAccueil (Tourisme) 615 7$aPublications périodiques. 615 7$aService à la clientèle. 615 7$aIndustrie hôtelière. 615 7$aCulture and tourism. 615 7$aHospitality industry. 615 7$aTourism. 615 7$aTourism$xSocial aspects. 676 $a338.479105 686 $a76.60$2bcl 712 02$aEmerald (Firm), 906 $aJOURNAL 912 $a996398341703316 996 $aInternational journal of culture, tourism and hospitality research$91756333 997 $aUNISA